|
|
|
|
| LEADER |
01222nam a2200313 a 4500 |
| 001 |
2959 |
| 003 |
BD-DhAAL |
| 005 |
20230515132448.0 |
| 008 |
150919s1993 vtu b 001 0 eng d |
| 010 |
|
|
|a 93060669
|
| 020 |
|
|
|a 0939246392
|
| 040 |
|
|
|a MH-BA
|c DLC
|d MYG
|d BD-DhAAL
|
| 050 |
0 |
0 |
|a HD39.5
|b .M664 1993
|
| 082 |
|
|
|a 658.7/2
|
| 100 |
1 |
|
|a Moody, Patricia E.
|9 14821
|
| 245 |
1 |
0 |
|a Breakthrough partnering :
|b creating a collective enterprise advantage /
|c Patricia E. Moody.
|
| 260 |
|
|
|a Essex Junction, VT :
|b Omneo\0332,
|c c1993.
|
| 300 |
|
|
|a xv, 268 pages ;
|c 22 cm.
|
| 490 |
1 |
|
|a Executive breakthrough series
|
| 504 |
|
|
|a Includes bibliographical references and index.
|
| 541 |
|
|
|e 2959
|
| 650 |
|
0 |
|a Industrial procurement
|z United States
|x Management.
|9 14822
|
| 650 |
|
0 |
|a Purchasing
|z United States
|x Management.
|9 14823
|
| 650 |
|
0 |
|a Partnership
|z United States.
|9 14824
|
| 650 |
|
0 |
|a Strategic alliances (Business)
|z United States.
|9 14825
|
| 830 |
|
|
|a Executive breakthrough series
|9 54225
|
| 942 |
|
|
|2 ddc
|c BK
|
| 999 |
|
|
|c 35603
|d 35603
|
| 952 |
|
|
|0 0
|1 0
|2 ddc
|4 0
|6 658_700000000000000_2_MOO
|7 0
|9 55987
|a SCL
|b SCL
|c GEN
|d 2015-09-19
|e Gift: The Asia Foundation
|l 0
|o 658.72 MOO
|p 3020002959
|r 2015-09-19
|t 1
|w 2015-09-19
|y BK
|